000 00345nam a2200109Ia 4500
008 171211s9999 xx 000 0 und d
245 _aDeveloping Backbone.js Applications
245 _cAddy Osmani
260 _c2012
650 _xIT eBOOKS
856 _uhttp://down.ebook777.com/020/Developing%20Backbone.js%20Applications,%20Early%20Release.pdf
999 _c349875
_d349875